Southville International School and Colleges
Your cart is empty.
  • Cart
  • Lists
    Public lists Eva Luna New books Lux_list list_1
    Your lists Log in to create your own lists
  • Log in to your account
  • Your cookies
  • Search history
Southville International School and Colleges
  • Advanced search
  • Recent comments
  • Most popular
  • Libraries

Log in to your account

Log in with GOOGLE


If you do not have an external account, but do have a local account, you can still log in:

  1. Home
  2. MARC view: Learn the value of creativity /
Normal view MARC view ISBD view

Learn the value of creativity / (Record no. 12127)

[ view plain ]
MARC details
000 -LEADER
fixed length control field 00634nam a22002177a 4500
003 - CONTROL NUMBER IDENTIFIER
control field OSt
005 - DATE AND TIME OF LATEST TRANSACTION
control field 20140310182340.0
008 - FIXED-LENGTH DATA ELEMENTS--GENERAL INFORMATION
fixed length control field 130926t xxu||||| |||| 00| 0 eng d
020 ## - INTERNATIONAL STANDARD BOOK NUMBER
International Standard Book Number 0865924449
050 ## - LIBRARY OF CONGRESS CALL NUMBER
Classification number BF 723.C7
Item number P47 1989
082 ## - DEWEY DECIMAL CLASSIFICATION NUMBER
Classification number GS 153.35
Item number P44 1989
100 ## - MAIN ENTRY--PERSONAL NAME
Personal name Petrucelli, Rita
9 (RLIN) 21161
245 ## - TITLE STATEMENT
Title Learn the value of creativity /
Statement of responsibility, etc Rita Petrucelli,
260 ## - PUBLICATION, DISTRIBUTION, ETC. (IMPRINT)
Place of publication, distribution, etc Vero Beach, Florida:
Name of publisher, distributor, etc Rourke Enterprises,
Date of publication, distribution, etc c1989.
300 ## - PHYSICAL DESCRIPTION
Extent 32 p. :
Other physical details ill, ;
Dimensions 26 cm.
541 ## - IMMEDIATE SOURCE OF ACQUISITION NOTE
-- 1
562 ## - COPY AND VERSION IDENTIFICATION NOTE
Number of copies 1
650 ## - SUBJECT ADDED ENTRY--TOPICAL TERM
Topical term or geographic name as entry element Creative ability in children.
9 (RLIN) 21730
650 ## - SUBJECT ADDED ENTRY--TOPICAL TERM
Topical term or geographic name as entry element Creative ability.
9 (RLIN) 21731
942 ## - ADDED ENTRY ELEMENTS (KOHA)
Source of classification or shelving scheme Library of Congress Classification
Koha item type
Holdings
Withdrawn status Lost status Source of classification or shelving scheme Damaged status Home library Current library Shelving location Date acquired Total Checkouts Full call number Barcode Date last seen Copy number Price effective from Koha item type
    Library of Congress Classification   Luxembourg Library Luxembourg Library Grade School Section 09/26/2013   BF 723.C7 .P47 1989 6261 10/28/2015 1 09/26/2013 Books

Learn the value of creativity /

APA

Petrucelli R., . (1989). Learn the value of creativity. Vero Beach, Florida: Rourke Enterprises.

Chicago

Petrucelli Rita, . 1989. Learn the value of creativity. Vero Beach, Florida: Rourke Enterprises.

Harvard

Petrucelli R., . (1989). Learn the value of creativity. Vero Beach, Florida: Rourke Enterprises.

MLA

Petrucelli Rita, . Learn the value of creativity. Vero Beach, Florida: Rourke Enterprises. 1989.

  • Place hold
  • Print
  • Cite
  • Add to your cart (remove)
  • Save record
    BIBTEX Dublin Core MARCXML MARC (non-Unicode/MARC-8) MARC (Unicode/UTF-8) MARC (Unicode/UTF-8, Standard) MODS (XML) RIS
  • More searches
    Search for this title in:
    Other Libraries (WorldCat) Other Databases (Google Scholar) Online Stores (Bookfinder.com) Open Library (openlibrary.org)

Exporting to Dublin Core...

SOUTHVILLE LIBRARY

Southville International School and Colleges Library

1281 Tropical Ave. Cor. Luxembourg St., BF Homes International, Las Pinas City

Tel. No. 8256374 / 252358 Loc. 117/146

Powered by Koha